00170nam a2200061Ia 4500008004100000100001800041245004900059120527s9999 xx 000 0 und d aHutchinson, D aPsychologic: How to take charge of your life